banner-ar

ادب الحرب الباردة : (Record no. 63335)

MARC details
000 -الفاتح
حقل البيانات ثابتة الطول 00867nam a22002297a 4500
005 - وقت وتاريخ اخر تعامل مع التسجيلة
رقم الضبط 20240530110635.0
008 - عناصر البيانات ثابتة الطول - معلومات عامة
حقل البيانات ثابتة الطول 170924s2015 ua g b 000 0 ara d
017 ## - رقم الايداع القانونى
رقم الايداع القانونى 2014/4473
المصدر ( الهيئة المختصة) مصر. دار الكتب
020 ## - الرقم الدولى المعيارى للكتب
الرقم الدولى المعيارى للكتاب 9789777186575
040 ## - مصدر الفهرسة
وكالة الفهرسة الأصلية EG-CaGPL
وكالة النسخ EG-CaGPL
082 04 - رقم تصنيف ديوى العشرى
رقم الطبعة 21
رقم التصنيف 809.93358\
رقم المادة هـ أ
245 00 - بيان العنوان
العنوان ادب الحرب الباردة :
بقية العنوان كتابة الصراع الكونى /
بيان المسئوليه,etc تحرير اندرو هاموند ؛ ترجمة طلعت الشايب .
250 ## - بيان الطبعة
بيان الطبعة ط.1
260 ## - PUBLICATION, DISTRIBUTION, ETC. (IMPRINT)
تاريخ النشر أو التوزيع 2015 .
300 ## - الوصف المادى
التعداد 521 ص ؛
أبعاد الوعاء 24 سم .
650 07 - المدخل الاضافى بالموضوع-مصطلح موضوعى
مصدر الرأس أو المصطلح qrmak
مصطلح موضوعي الحرب الباردة
التقسيم الفرعي الشكلي مقالات .
650 07 - المدخل الاضافى بالموضوع-مصطلح موضوعى
مصدر الرأس أو المصطلح qrmak
مصطلح موضوعي الحرب النفسية
التقسيم الفرعي الشكلي مقالات
700 0# - المدخل الاضافى - اسم شخصى
الإسم الشخصى طلعت الشايب
الدور مترجم .
700 1# - المدخل الاضافى - اسم شخصى
الإسم الشخصى هاموند ، اندرو .
942 ## - عناصر المدخل الإضافي( كوها)
مصدر التصنيف او مخطط الترفيف Dewey Decimal Classification
Koha [default] item type كتاب
260 ## - PUBLICATION, DISTRIBUTION, ETC. (IMPRINT)
-- القاهرة :
Holdings
حالة التراجع حالة الفقد حالة تلف ليس للاعارة المكان المؤقت الموقع الحالى موقع الترفيف تاريخ الاكتساب اجمالي اﻻعارات رقم الطلب الباركود تاريخ اخر مشاهدة تاريخ تفعيل السعر نوع وعاء كوها
        مكتبة القاهرة الكبرى مكتبة القاهرة الكبرى القاعة الرئيسية 09/24/2017   809.93358\ هـ أ 163320 09/24/2017 09/24/2017 كتاب

Powered By

EGPV